Solar cells: From materials to device technology (Record no. 312191)

MARC details
000 -LEADER
fixed length control field 00561 a2200205 4500
005 - DATE & TIME
control field 20240722170007.0
008 - FIXED-LENGTH DATA ELEMENTS--GENERAL INFORMATION
fixed length control field 240722b |||||||| |||| 00| 0 eng d
020 ## - ISBN
International Standard Book Number 9781641168267
Price $ 155.00
040 ## - CATALOGING SOURCE
Original cataloging agency VIVEKANANDA LIBRARY
082 ## - DDC NUMBER
Classification number 621.31244
Book Number S42S
100 ## - MAIN ENTRY--PERSONAL NAME
Personal name Sheilds, Anderson, ed.
245 ## - TITLE STATEMENT
Title Solar cells: From materials to device technology
260 ## - PUBLICATION, DISTRIBUTION, ETC. (IMPRINT)
Name of publisher, distributor, etc Callisto Reference
Date of publication, distribution, etc 2023
Place of publication, distribution, etc USA
300 ## - PHYSICAL DESCRIPTION
Pages vi, 237
650 ## - Subject
Subject Solar Cells
650 ## - Subject
Subject Solar Cells- Material
650 ## - Subject
Subject Solar Energy
650 ## - Subject
Subject Renewable Energy Sources
942 ## - ADDED ENTRY ELEMENTS (KOHA)
Koha item type Books
Holdings
Withdrawn status Lost status Source of classification or shelving scheme Damaged status Not for loan Location (home branch) Sublocation or collection (holding branch) Shelving location Date acquired Koha issues (times borrowed) Koha full call number Accession No. Koha date last seen Koha item type
    Dewey Decimal Classification     VIVEKANANDA LIBRARY VIVEKANANDA LIBRARY Vivekananda Library 04/03/2024   621.31244 S42S 435631 04/03/2024 Books
© Designed and Maintained by Vivekananda Library, MDU Rohtak